| 000 | 00511nam a2200169 i 4500 | ||
|---|---|---|---|
| 001 | 73532 | ||
| 003 | ES-MaACL | ||
| 005 | 20250902063058.0 | ||
| 007 | t| | ||
| 008 | 040908s1939 ck ||||1| spa d | ||
| 100 | 1 |
_aGómez Jaime, Alfredo, _d1878-1946 _957995 |
|
| 245 | 1 | 0 |
_aBlasones _b: (poesías escogidas) / _cAlfredo Gómez Jaime. |
| 260 |
_aBogotá : _b[s.n.], _c1939 ( _fImprenta Nacional) |
||
| 300 |
_aXII, 203 p. ; _c25 cm. |
||
| 852 |
_aES-MaACL _jB-9523 _bR.18047 |
||
| 999 |
_c73532 _d73532 |
||